00491nam a2200181Ii 45000010005000000030009000050080041000140400033000550410008000880820015000961000019001112450033001302640053001633000012002163360026002283370028002543380027002822435CO-ViMGA241108s9999||||xx |||||||||||||| ||und|| aCO-ViMGAbspaerdacCO-ViMGA0 aspa04a001.9 C74g1 aBoris Cristoff10aLa gran catástrofe de 1983 1aBogotá, Colombia : Círculo de Lectores, 1979 avolumen atextbtxt2rdacontent aunmediatedbn2rdamedia avolumebnc2rdacarrier